Leksykon prywatyzacji

Salvato in:
Dettagli Bibliografici
Natura: Libro
Lingua:polacco
Pubblicazione: Warszawa Polskie Wydawnictwo Ekonomiczne 1998
Edizione:2. wyd. rozs.
Soggetti:
Tags: Aggiungi Tag
Nessun Tag, puoi essere il primo ad aggiungerne!!

MARC

LEADER 00000nam a2200000 4500
001 c120091
005 20221109093901.1
020 |a 83-208-1127-9 
041 0 |a pol 
044 |a PL 
245 1 0 |a Leksykon prywatyzacji 
250 |a 2. wyd. rozs. 
264 1 |a Warszawa  |b Polskie Wydawnictwo Ekonomiczne  |c 1998 
300 |a 251 s. 
610 2 0 |a privatizácia 
610 2 0 |a terminológia